000
00266nam a22001217a 4500
003
SGT
082
_a
519.5, LEV
100
_a
LEVINE,DAVID M
245
_a
BUSINESS STATISTICS: A FIRST COURSE
250
_a
5TH
260
_a
NEW DELHI
_b
PEARSON
_c
2011
942
_2
ddc
_c
CD
999
_c
10771
_d
10771